Les capitales sur la carte du monde - Statistiques

Statistiques générales
  • Ce quiz a été pris 299 fois
  • Le résultat moyen est 118 sur 199
Réponses sur la Carte
Les réponses sont colorées sur une échelle allant du rouge au vert en fonction du pourcentage des utilisateurs qui les ont devinées à leur premier essai. Vous pouvez retrouver ces pourcentages ci-dessous.
 
Statistiques - réponses
Réponses % Correct
Madrid
95%
Paris
95%
Lisbonne
93%
Moscou
93%
Londres
92%
Berlin
91%
Bruxelles
91%
Dublin
90%
Mexico
90%
Oslo
90%
Ottawa
90%
Washington
90%
Amsterdam
89%
Luxembourg
89%
Monaco
89%
Brasilia
88%
Alger
87%
Pékin
87%
Rome
87%
Tokyo
87%
Athènes
86%
Berne
86%
Canberra
86%
Kiev
86%
Buenos Aires
85%
Helsinki
85%
Le Caire
85%
Bucarest
84%
Budapest
84%
Vatican
84%
Vienne
84%
Andorre-la-Vieille
83%
Tunis
83%
Varsovie
83%
Rabat
82%
Stockholm
82%
New Delhi
81%
Séoul
81%
Ankara
80%
Prague
79%
Copenhague
78%
Saint-Marin
78%
Lima
77%
Zagreb
77%
Bogota
75%
Dacca
75%
Jerusalem
75%
La Valette
75%
Le Cap
75%
Reykjavik
75%
Santiago
75%
Sofia
75%
Singapour
74%
Minsk
73%
Montevideo
73%
La Havane
72%
Pyongyang
72%
Riga
72%
Sarajevo
71%
Belgrade
70%
Jakarta
70%
Panama
69%
Tallinn
69%
Vilnius
69%
Bratislava
68%
La Paz
68%
Ljubljana
68%
Abou Dabi
67%
Bagdad
67%
Beyrouth
67%
Doha
67%
Bangkok
66%
Dakar
66%
Manille
66%
Nicosie
66%
Quito
66%
Téhéran
66%
Vaduz
66%
Wellington
66%
Kingston
65%
Kingstown
65%
Bamako
64%
Damas
64%
Djibouti
64%
Caracas
63%
Islamabad
63%
Kaboul
63%
Koweït
63%
Pretoria
63%
Riyad
63%
Sucre
63%
Tirana
63%
Guatemala
62%
Kinshasa
62%
Tripoli
62%
Brazzaville
61%
Hanoï
61%
Oulan-Bator
61%
Nairobi
60%
Asuncion
58%
Kuala Lumpur
58%
Taipei
58%
Chișinău
57%
Skopje
57%
Erevan
56%
Port-au-Prince
56%
Pristina
56%
San José
56%
Bakou
55%
Phnom Penh
55%
Antananarivo
54%
Bissau
54%
Libreville
54%
San Salvador
54%
Yaoundé
54%
Amman
53%
Katmandou
53%
Podgorica
53%
Freetown
52%
Tbilissi
52%
Georgetown
51%
Nassau
51%
Ouagadougou
51%
Saint-Domingue
51%
Sanaa
51%
Vientiane
51%
Accra
50%
Addis-Abeba
50%
Abuja
49%
Astana
49%
Conakry
49%
Lomé
49%
Luanda
49%
Mascate
49%
São Tomé
49%
Managua
48%
Khartoum
47%
Malé
47%
Paramaribo
47%
Yamoussoukro
47%
Mogadiscio
45%
Port-d'Espagne
45%
Kigali
44%
Belmopan
43%
Harare
43%
Manama
43%
Niamey
43%
Nouakchott
43%
Porto-Novo
43%
Tachkent
43%
Victoria
43%
Dodoma
42%
Port-Louis
42%
Tegucigalpa
42%
Windhoek
42%
Maputo
41%
N'Djaména
41%
Praia
41%
Dili
40%
Bichkek
39%
Kampala
39%
Monrovia
39%
Moroni
39%
Port Moresby
39%
Gaborone
38%
Lusaka
38%
Naypyidaw
38%
Achgabat
37%
Asmara
37%
Bangui
37%
Banjul
37%
Douchanbé
37%
Djouba
36%
Roseau
36%
Saint-Georges
36%
Thimphou
36%
Bandar Seri Begawan
35%
Lilongwe
35%
Mbabane
35%
Castries
34%
Saint-John's
34%
Sri Jayawardenapura Kotte
34%
Malabo
33%
Maseru
33%
Port-Vila
33%
Basseterre
32%
Suva
32%
Gitega
31%
Apia
30%
Bridgetown
30%
Bloemfontein
29%
Funafuti
29%
Yaren
27%
Tarawa
26%
Honiara
25%
Nuku'alofa
25%
Palikir
25%
Ngerulmud
24%
Majuro
22%
Aucun quiz correspondant
Distribution des résultats
% des personnes avec chaque résultat
Percentile par nombre de réponses
Votre historique - résultats
Vous n’avez pas pris ce quiz